000 00549 a2200145 4500
040 _aDLC
082 _aBIT-3
100 _aMuhammad Faisal Alim.
_993172
245 _aStream xplorer : a data stream mining application
_cMuhammad Faisal Alim.
260 _aIslamabad :
_bNUST School of Electrical Engineering & Computer Science,
_c2005.
300 _axi, 85 p. :
_bill. ;
_c27 cm. +
_eCD-ROM.
500 _aSupervisors : Mr. Kamran Munir, Mr. Muhammad Umer.
856 _uhttp://10.250.8.41:8080/xmlui/handle/123456789/7958
942 _cPR
_kBIT-3 FAI
_2ddc
999 _c9034
_d9034